Guidance for handicapped students /

Bibliographic Details
Main Author: Lombana, Judy H.
Format: Book
Language:English
Published: Springfield, Ill. : C.C. Thomas, [1982]
Subjects:

MARC

Tag First Indicator Second Indicator Subfields
LEADER 00000pam a2200000 a 4500
001 in00000085947
005 20151008064354.0
008 810305s1982 ilu b 00110 eng
010 |a  81002043  
020 |a 0398044988 
035 |a (OCoLC)07276336 
035 |9 AAK4056AM 
039 0 |a 2  |b 3  |c 3  |d 3  |e 3 
040 |a DLC  |c DLC  |d TXA  |d UtOrBLW 
043 |a n-us--- 
049 |a TXAM  |c [387691] 
050 0 0 |a LC4031  |b .L64 
082 0 |a 371.9  |2 19 
100 1 |a Lombana, Judy H. 
245 1 0 |a Guidance for handicapped students /  |c by Judy H. Lombana. 
264 1 |a Springfield, Ill. :  |b C.C. Thomas,  |c [1982] 
264 4 |c ©1982 
300 |a xii, 430 pages ;  |c 24 cm. 
336 |a text  |b txt  |2 rdacontent 
337 |a unmediated  |b n  |2 rdamedia 
338 |a volume  |b nc  |2 rdacarrier 
500 |a Includes indexes. 
504 |a Bibliography: pages 387-412. 
650 0 |a Children with disabilities  |x Education  |z United States. 
650 0 |a Educational counseling  |z United States. 
999 |a MARS 
999 f f |s 825b7d43-2867-3b63-916a-3650e979d6c0  |i 14137515-61be-326f-99f4-f7d4500e1f65  |t 0 
952 f f |p normal  |a Texas A&M University  |b College Station  |c Sterling C. Evans Library  |d Evans: Library Stacks  |t 0  |e LC4031 .L64  |h Library of Congress classification  |i unmediated -- volume  |m A14806164281 
998 f f |a LC4031 .L64  |t 0  |l Evans: Library Stacks